Postavenie žien v ekonomickom, politickom a spoločenskom živote Kazašskej republiky bakalárska práca

Salvato in:
Dettagli Bibliografici
Autore principale: Filipiaková, Martina
Ente Autore: Fakulta medzinárodných vzťahov EU. Katedra medzinárodných ekonomických vzťahov a hospodárskej diplomacie
Altri autori: Baleha, Andrianna, 1990-
Natura: Libro
Lingua:slovacco
Pubblicazione: Bratislava 2022
Tags: Aggiungi Tag
Nessun Tag, puoi essere il primo ad aggiungerne!!

MARC

LEADER 00000nbm a2200000 4500
001 0285263
005 20230414110838.9
041 0 |a slo 
044 |a SK 
245 1 0 |a Postavenie žien v ekonomickom, politickom a spoločenskom živote Kazašskej republiky  |b bakalárska práca  |c Martina Filipiaková ; školiteľ: Andrianna Baleha 
264 1 |a Bratislava  |c 2022 
300 |a 49 s. 
100 1 |a Filipiaková, Martina 
700 1 |a Baleha, Andrianna, 1990- 
710 2 |a Fakulta medzinárodných vzťahov EU. Katedra medzinárodných ekonomických vzťahov a hospodárskej diplomacie